书目信息 |
| 题名: |
成语的故事
|
|
| 作者: | 贾浓铀 编著 | |
| 分册: | ||
| 出版信息: | 天津 天津古籍出版社 2010.05 |
|
| 页数: | 201页 | |
| 开本: | 24cm | |
| 丛书名: | 百科大讲堂 | |
| 单 册: | ||
| 中图分类: | H136.3 | |
| 科图分类: | ||
| 主题词: | 汉语--han yu--成语--故事 | |
| 电子资源: | ||
| ISBN: | 978-7-80696-805-5 | |
| 000 | 00829nam 2200265 450 | |
| 001 | 012010885927 | |
| 005 | 20101117135215.10 | |
| 010 | @a978-7-80696-805-5@dCNY27.80 | |
| 100 | @a20101117d2010 em y0chiy0120 ea | |
| 101 | 0 | @achi |
| 102 | @aCN@b120000 | |
| 105 | @aa z 000yy | |
| 106 | @ar | |
| 200 | 1 | @a成语的故事@Acheng yu de gu shi |
| 210 | @a天津@c天津古籍出版社@d2010.05 | |
| 215 | @a201页@c图@d24cm | |
| 225 | 2 | @a百科大讲堂@Abai ke da jiang tang |
| 314 | @a责任者取自版权页 | |
| 330 | @a本书介绍了“爱屋及乌”、“安步当车”、“安如泰山”等成语的来历和相关历史事件,给读者丰富、充实、增长历史知识。 | |
| 410 | 0 | @12001 @a百科大讲堂 |
| 606 | 0 | @a汉语@Ahan yu@x成语@x故事 |
| 690 | @aH136.3@v4 | |
| 701 | 0 | @a贾浓铀@Ajia nong you@4编著 |
| 801 | 0 | @aCN@bQSSK@c20101117 |
| 905 | @b788441-43@dH136.3@eJ245@f3 | |
| 成语的故事.-天津:天津古籍出版社,2010.05 |
| 201页:图;24cm.-(百科大讲堂) |
| ISBN 978-7-80696-805-5:CNY27.80 |
| 本书介绍了“爱屋及乌”、“安步当车”、“安如泰山”等成语的来历和相关历史事件,给读者丰富、充实、增长历史知识。 |
| ● |
| 相关链接 |
|
|
|
正题名:成语的故事
索取号:H136.3/J245
 
预约/预借
| 序号 | 登录号 | 条形码 | 馆藏地/架位号 | 状态 | 备注 |
| 1 | 788441 | 207884413 | 语言库209/209语言库 72排1列4层/ [索取号:H136.3/J245] | 在馆 | |
| 2 | 788442 | 207884422 | 语言库209/209语言库 72排1列4层/ [索取号:H136.3/J245] | 在馆 | |
| 3 | 788443 | 207884431 | 语言库209/209语言库 72排1列4层/ [索取号:H136.3/J245] | 在馆 |